| 000 | 00968nam a2200265 i 4500 | ||
|---|---|---|---|
| 003 | DO-SdBNP | ||
| 005 | 20240828153801.0 | ||
| 007 | ta | ||
| 008 | 240828b1988 dr ac||| |||| 00| 0 spa d | ||
| 040 |
_aDO-SdBNP _bspa _cBNPHU _erda |
||
| 082 | 4 | _222 | |
| 100 |
_aArrom, José Juan, _938701 _eautor |
||
| 245 | 1 | 3 |
_aEl murciélago y la lechuga en la cultura taina / _cJosé Juan Arrom, Manuel A. García Arevalo ; edición, Francis Pou ; ilustraciones, Oscar Elías Fabián |
| 264 |
_aSanto Domingo : _bEdiciones Fundación García Arévalo, _c1988. |
||
| 300 |
_a9 páginas : _bilusraciones y retratos ; _c25 cm. |
||
| 336 |
_2rdacontent _atexto _btxt |
||
| 337 |
_2rdamedia _asin mediación _bn |
||
| 338 |
_2rdacarrier _avolumen _bnc |
||
| 590 | _aInventariado, 2024/BT | ||
| 700 | 1 | 2 |
_aGarcía Arévalo, Manuel, _982908 |
| 700 | 1 |
_aPou, Francis, _eedición _952106 |
|
| 700 | 1 |
_aFabián, Oscar Elías, _eilustraciones _986460 |
|
| 910 | _aBtavárez | ||
| 942 |
_2ddc _cLF2 |
||
| 999 |
_c57576 _d57576 |
||